| 000 | 00945pam a2200301 a 4500 | ||
|---|---|---|---|
| 001 | 4696868 | ||
| 003 | OSt | ||
| 005 | 20230629134821.0 | ||
| 008 | 820709s1983 tnua b s001 0 eng | ||
| 010 | _a 82013462 | ||
| 020 |
_a0870493698 : _c$17.95 |
||
| 040 |
_aDLC _cDLC _dDLC |
||
| 043 | _an-us--- | ||
| 050 | 0 | 0 |
_aKF8775 _b.C37 1983 |
| 082 | 0 | 0 |
_a347.73/22 _a347.3072 _219 |
| 100 | 1 |
_aCarp, Robert A., _d1943- |
|
| 245 | 1 | 0 |
_aPolicymaking and politics in the federal district courts / _cRobert A. Carp and C.K. Rowland. |
| 250 | _a1st ed. | ||
| 260 |
_aKnoxville : _bUniversity of Tennessee Press, _cc1983. |
||
| 300 |
_axiv, 203 p. : _bill. ; _c23 cm. |
||
| 500 | _aIncludes index. | ||
| 504 | _aBibliography: p. [188]-199. | ||
| 650 | 0 |
_aJudicial process _zUnited States. |
|
| 650 | 0 |
_aDistrict courts _zUnited States. |
|
| 700 | 1 |
_aRowland, C. K., _d1943- |
|
| 906 |
_a7 _bcbc _corignew _d1 _eocip _f19 _gy-gencatlg |
||
| 942 |
_2ddc _cBK |
||
| 999 |
_c3088 _d3088 |
||